000 00315 a2200109 4500
001 ART_6484
005 20260410161826.0
008 260409a
245 1 0 _aDeterminación de los niveles de inventario
100 1 _aCarro, Roberto
773 0 _tFACES
_g- Año 8, Nº 15 (sep./dic. 2002)
_wREV5046
999 _c22765
_d22765